[Event "Condom op-A 11th"]
[Site "Condom"]
[Date "2012.07.15"]
[Round "2"]
[White "Ramahef, Eric"]
[Black "Petre, Nad Titus"]
[Result "1/2-1/2"]
[WhiteElo "2052"]
[BlackElo "2362"]
[PlyCount "67"]
[EventDate "2012.07.14"]
[EventType "swiss"]
[EventRounds "9"]
[EventCountry "FRA"]
[SourceTitle "EXT 2013"]
[Source "ChessBase"]
[SourceDate "2012.11.22"]
[SourceVersion "1"]
[SourceVersionDate "2012.11.22"]
[SourceQuality "1"]

1. e4 c5 2. Nf3 e6 3. d4 cxd4 4. Nxd4 a6 5. Bd3 Qc7 6. 0-0 Nf6 7. Re1 Bd6 8. h3 Nc6 9. Nxc6 dxc6 10. Qe2 e5 11. Nd2 b5 12. a4 Bb7 13. Nf1 0-0 14. Ng3 g6 15. Bh6 Rfd8 16. c3 Nd7 17. Bc2 Nc5 18. a5 Qe7 19. Qg4 Bc8 20. Nf5 Qe6 21. b4 Nd7 22. Nxd6 Qxd6 23. Rad1 Qe7 24. Bg5 f6 25. Bb3+ Kg7 26. Be3 Nf8 27. Qh4 g5 28. Qh5 Be6 29. Bc5 Qf7 30. Bxf8+ Kxf8 31. Qh6+ Ke7 32. Bxe6 Kxe6 33. h4 Qg6 34. Qxg6 1/2-1/2